Biblioteca y Centro de Documentación

La inversión industrial española en Marruecos (Registro nro. 13585)

Detalles MARC
000 -CABECERA
Longitud fija campo de control 01435nam a2200361 c 4500
001 - NÚMERO DE CONTROL
Número de control 13585
003 - IDENTIFICADOR DE NÚMERO DE CONTROL
Identificador del número de control ES-MaCES
005 - FECHA Y HORA DE LA ÚLTIMA TRANSACCIÓN
Fecha y hora de la última transacción 20141221122244.0
008 - CAMPO FIJO DE DESCRIPCIÓN FIJA--INFORMACIÓN GENERAL
Códigos de información de longitud fija   020418s2001 sp do ||| | spa d
020 ## - ISBN (INTERNATIONAL STANDARD BOOK NUMBER)
Número Internacional Normalizado para Libros (ISBN) 9981995525
035 ## - NÚMERO DE CONTROL DEL SISTEMA
Número de control del sistema CES20020005724m
040 ## - FUENTE DE CATALOGACIÓN
Centro catalogador de origen ES-MaCES
Lengua de catalogación spa
Centro transcriptor ES-MaCES
041 0# - CÓDIGO DE IDIOMA
Código de lengua del texto;banda sonora o título independiente spa
-- fre
100 1# - ENCABEZAMIENTO PRINCIPAL--NOMBRE PERSONAL
Nombre de persona Alós-Moner, Ramón d'
9 (RLIN) 6058
245 13 - MENCIÓN DE TÍTULO
Título La inversión industrial española en Marruecos
Resto del título : una aproximación desde las dos orillas del Mediterráneo = Les investissements industriels espagnols au Maroc : une approche depuis les deux rives de la Méditerranée
Mención de responsabilidad, etc. [autores, Ramón Alós, Abdelkader Kaioua, Aomar Benbada]
260 ## - PUBLICACIÓN, DISTRIBUCIÓN, ETC (PIE DE IMPRENTA)
Lugar de publicación, distribución, etc. Barcelona
-- Casablanca
Nombre del editor, distribuidor, etc. Fons Català de Cooperatió al Desenvolupament
Fecha de publicación, distribución, etc. 2001
300 ## - DESCRIPCIÓN FÍSICA
Extensión 246, [2], 6 p.
Otras características físicas gráf., fot. col.
Dimensiones 24 cm
500 ## - NOTA GENERAL
Nota general Texto en español y francés
650 #4 - ASIENTO SECUNDARIO DE MATERIA--TÉRMINO DE MATERIA
Término de materia o nombre geográfico como elemento inicial inversión industrial
9 (RLIN) 29394
650 #4 - ASIENTO SECUNDARIO DE MATERIA--TÉRMINO DE MATERIA
Término de materia o nombre geográfico como elemento inicial inversiones extranjeras
9 (RLIN) 28175
650 #4 - ASIENTO SECUNDARIO DE MATERIA--TÉRMINO DE MATERIA
Término de materia o nombre geográfico como elemento inicial empresa industrial
9 (RLIN) 27632
650 #4 - ASIENTO SECUNDARIO DE MATERIA--TÉRMINO DE MATERIA
Término de materia o nombre geográfico como elemento inicial fomento de las inversiones
9 (RLIN) 28144
650 #4 - ASIENTO SECUNDARIO DE MATERIA--TÉRMINO DE MATERIA
Término de materia o nombre geográfico como elemento inicial relaciones comerciales
9 (RLIN) 27965
650 #4 - ASIENTO SECUNDARIO DE MATERIA--TÉRMINO DE MATERIA
Término de materia o nombre geográfico como elemento inicial España
9 (RLIN) 26964
650 #4 - ASIENTO SECUNDARIO DE MATERIA--TÉRMINO DE MATERIA
Término de materia o nombre geográfico como elemento inicial Marruecos
9 (RLIN) 26826
653 10 - TÉRMINO DE INDEXACIÓN--NO CONTROLADO
Término no controlado Comercio internacional
700 1# - ENCABEZAMIENTO SECUNDARIO--NOMBRE PERSONAL
Nombre de persona Kaioua, Abdelkader
9 (RLIN) 15641
700 1# - ENCABEZAMIENTO SECUNDARIO--NOMBRE PERSONAL
Nombre de persona Benbada, Aomar
9 (RLIN) 7492
710 2# - ENCABEZAMIENTO SECUNDARIO--NOMBRE CORPORATIVO
Nombre de entidad o nombre de jurisdicción como elemento inicial Fons Català de Cooperació al Desenvolupament
Término indicativo de función ed.
9 (RLIN) 3641
902 ## - CES. TIPO DE DOCUMENTO
Tipodoc (006$c Sirtex) LIB Libro
942 ## - ELEMENTOS KOHA
Fuente de clasificaión o esquema Clasificación propia del CES
Koha [por defecto] tipo de item Monografías
Parte de clasificación 0.0.
Existencias
Número de registro Signatura completa Tipo de item de Koha
047030 DPT-12748 Monografías
© CES, Consejo Económico y Social de España 2021